000
00220 a2200097 4500
001
2812
100
_a
Nagi, A
245
_a
Mlodern Urdu Poems from Pakistan
260
_a
_b
Swad moon publication
_c
090
_c
2107
_d
2107
942
_a
NUST-CAE
_c
M
_c
12303
999
_c
237885
_d
237885